000 00271nam a2200109Ia 4500
001 589095
005 20250717120842.0
008 250717s9999 xx 000 0 und d
245 0 _aX-3 UZAY
_cDELPHINE GRINBERG
260 _bBİNBİR ÇİÇEK YAYINLARI
_c2018
300 _b20
999 _c589095
_d589095